Recruiting Immigrant Workers: Australia

Uložené v:
Podrobná bibliografia
Médium: Kniha
Jazyk:English
Vydavateľské údaje: Paris OECD 2018
Edícia:Recruiting immigrant workers
Predmet:
Tagy: Pridať tag
Žiadne tagy, Buďte prvý, kto otaguje tento záznam!

MARC

LEADER 00000nam a2200000 4500
001 0250871
005 20221220065828.3
020 |a 978-92-64-28827-0 
041 0 |a eng 
044 |a FR 
245 1 0 |a Recruiting Immigrant Workers: Australia 
264 1 |a Paris  |b OECD  |c 2018 
300 |a 212 s. 
490 1 |a Recruiting immigrant workers 
830 0 |a Recruiting immigrant workers 
610 2 0 |a trh práce 
610 2 0 |a politika migračná 
610 2 0 |a demografia 
610 2 0 |a sily pracovné 
610 2 0 |a migrácia 
610 2 0 |a analýzy 
610 2 0 |a študenti zahraniční 
610 2 0 |a zručnosti 
610 2 0 |a Austrália